000 00499nam a2200157Ia 4500
008 160316s2006 xxu||||| |||| 00| 0 eng d
082 _a346.030000
_bTAK
100 _aTakaoka Sumiko
245 _aProduct Defects & the Value of the Firm in Japan: The Impact of the Product Liability Law, Vol. 35(1), January 2006
250 _a
260 _a
_bThe Journal of Legal Studies
_c2006
300 _a61-83
_b
_c
365 _b
650 _aProduct defects, Japan, product liability law
700 _a
_a
999 _c31853
_d31853